Skip to content
VuFind
All Fields
Title
Author
Subject
Call Number
ISBN/ISSN
Tag
Find
Advanced
Kuala Lumpur Forum (1973 July...
Cite this
Print
Export Record
Export to RefWorks
Export to EndNoteWeb
Export to EndNote
Export to MARC
Kuala Lumpur Forum (1973 July 1-6:Kuala Lumpur) (Working papers)
Bibliographic Details
Format:
Book
Holdings
Description
Similar Items
Staff View
MARC
LEADER
00000cam a2200000 7i4500
001
0000006244
005
20000214.0
040
|a
INS
090
0
0
|a
S5
245
0
0
|a
Kuala Lumpur Forum (1973 July 1-6:Kuala Lumpur) (Working papers)
999
|a
S000000039
|b
BOOK
|c
Seminar
|e
Default branch
Similar Items
Conference of Heads of Valuation Departments (1977:Kuala Lumpur) Situation reports on the Organisation of Valuation Services in Commonwealth Countries, 1977
Persidangan Pegawai-pegawai Daerah (1973 Mac 26-30:INTAN, Jalan Elmu, Petaling Jaya) Percubaan untuk membasmi kemiskinan di peringkat daerah - peranan Pegawai Daerah/Y.M Raja Azman Raja Ismail, 1973
Living & Working in Kuala Lumpur
by: Witham, Lynn
Published: (2001)
A guide to city of Kuala Lumpur ( Planning ) Act, 1973
by: Lim Mau Chin
Published: (1975)
National Forum on Agriculture "The Gateway to a Better Tomorrow" (1986 August 22-23:Kuala Lumpur) (Working papers)-Kuala Lumpur:BMC, Multi-Purpose Management Sdn. Bhd, 1986